Horóscopo chino 2006 : año del perro /

Αποθηκεύτηκε σε:
Λεπτομέρειες βιβλιογραφικής εγγραφής
Κύριος συγγραφέας: Lasso, Angeles (autor)
Μορφή: Βιβλίο
Γλώσσα:Ισπανικά
Έκδοση: Santiago, Chile : Planeta, 2005, c2005
Θέματα:
Ετικέτες: Προσθήκη ετικέτας
Δεν υπάρχουν, Καταχωρήστε ετικέτα πρώτοι!

MARC

LEADER 00000nam^a2200000^a^4500
001 000185480
005 20250521000000.0
009 20260310102151.609
020 |a 956-247-388-0 
037 |a Acervo ITESO - Biblioteca 
041 |a ESP 
082 |a 133. 54  |b LAS 
100 |a Lasso, Angeles  |e (autor) 
245 1 0 |a Horóscopo chino 2006 :  |b año del perro /  |c A. Lasso. 
264 4 |a Santiago, Chile :  |b Planeta,  |c 2005, c2005 
300 |a 332 p. 
336 |a texto  |b txt  |2 rdacontenido 
337 |a sin mediación  |b n  |2 rdamedio 
338 |a volumen  |b nc  |2 rdasoporte 
649 |a XX 
650 |a Horóscopos -  |z China 
650 |a Astrología 
650 |a Ciencias Ocultas 
910 |a Fondo General 
920 |a Impresos - Libros 
930 |a Colección General 
905 |a 101 
901 |a 0500126773  |b IT1  |c ACC  |u 20250521 
902 |a https://opac.biblio.iteso.mx/vufind/Record/000185480